Devinez le Pays Mystère #110 - Statistiques

Statistiques générales
  • Ce quiz a été pris 491 fois
  • Le résultat moyen est 11 sur 13
Statistiques - réponses
Type de Réponse Réponse % Correct
Lettre Trouvée E
100%
Lettre Bien Placée E
99%
Lettre Trouvée R
97%
Lettre Trouvée I
93%
Lettre Bien Placée I
92%
Lettre Trouvée S
87%
Lettre Bien Placée S
84%
Lettre Trouvée U
84%
Lettre Bien Placée U
83%
Lettre Bien Placée R
82%
Pays Mystère Russie
82%
Lettre Bien Placée S
82%
Lettre Trouvée S
82%
Aucun quiz correspondant
Distribution des résultats
% des personnes avec chaque résultat
Percentile par nombre de réponses
Votre historique - résultats
Vous n’avez pas pris ce quiz